HYPERTROFICKÁ KARDIOMYOPATIA V NOVORODENECKOM VEKU - KAZUISTIKA

Bibliographic Details
Main Authors: Staňová, Ivana (Author), Útla, Martina (Author), Jánoš, Michal (Author)
Format: Article
Language:Slovak

MARC

LEADER 00000nab a2200000ua 4500
001 vtls010825593
003 SK-MaSNL
005 20260303115242.0
008 230127s2013 xo |||||||||||||||||slo|
035 |a (urnnbn)urn:nbn:sk:snk:ar-a066sc 
035 |a urn:nbn:sk:snk-ab5ruf 
035 |a (uuid)2af6ef36-3068-4c8a-b375-f337ba06a51e 
040 |a SNKBUCL  |b slo  |c SNKBUCL  |e AACR2 
041 0 |a slo 
044 |a xo  |c SK 
100 1 |a Staňová, Ivana  |4 aut  |9 1130560 
245 1 0 |a HYPERTROFICKÁ KARDIOMYOPATIA V NOVORODENECKOM VEKU - KAZUISTIKA  |c Ivana Staňová, Martina Útla, Michal Jánoš 
700 1 |a Útla, Martina  |4 aut  |9 1130561 
700 1 |a Jánoš, Michal  |4 aut  |9 786197 
773 0 |t Pediatria  |g Roč. 8, č. 2 (2013), s. 99-102 
954 |a odborná, vedecká literatúra pôvodná (slovenská)  |2 lita 
958 |a OND 
958 |a EUIPO 
958 |a article5 
999 |c 1903073  |d 1905003